[Event "Wuerttemberg-ch MT"]
[Site "Tuebingen"]
[Date "2007.08.27"]
[Round "3"]
[White "Hirneise, Tobias"]
[Black "Rothfuss, Oliver"]
[Result "1-0"]
[WhiteElo "2293"]
[BlackElo "2139"]
[PlyCount "119"]
[EventDate "2007.08.25"]
[EventType "swiss"]
[EventRounds "9"]
[EventCountry "GER"]
[SourceTitle "CBM 120 Extra"]
[Source "ChessBase"]
[SourceDate "2007.11.01"]
[SourceVersion "1"]
[SourceVersionDate "2007.11.01"]
[SourceQuality "1"]

1. d4 g6 2. e4 Bg7 3. Nc3 c6 4. f4 d5 5. e5 h5 6. Be3 Nh6 7. Nf3 a5 8. h3 Na6 9. Qd2 Nc7 10. Nd1 Bf5 11. Bf2 Ne6 12. Nh4 Qb6 13. Nxf5 Nxf5 14. Bd3 Bh6 15. Bxf5 gxf5 16. Be3 Qa6 17. g4 hxg4 18. hxg4 0-0-0 19. gxf5 Bxf4 20. Rxh8 Rxh8 21. Nf2 Bxe3 22. Qxe3 Nc7 23. 0-0-0 Qc4 24. Kb1 Nb5 25. f6 e6 26. Qd3 Qxd3 27. Rxd3 Kd7 28. a4 Nc7 29. Rg3 Ne8 30. Nd3 b6 31. Rg4 Nc7 32. c3 Ke8 33. Rg7 Kf8 34. b4 Na6 35. bxa5 bxa5 36. Rg2 Rh3 37. Kc2 Rh1 38. Nc1 c5 39. Nb3 cxd4 40. cxd4 Nb4+ 41. Kb2 Rd1 42. Nxa5 Rxd4 43. Kc3 Nc6 44. Rb2 Kg8 45. Rb6 Rxa4 46. Nxc6 Kh7 47. Nd4 Kg6 48. Rb8 Kg5 49. Rb1 Kf4 50. Re1 Kg3 51. Rf1 Kg2 52. Rf4 Ra3+ 53. Kb4 Re3 54. Nc6 Re4+ 55. Rxe4 dxe4 56. Kc5 e3 57. Nd4 Kg3 58. Kd6 Kf4 59. Ke7 Kxe5 60. Ne2 1-0

[Event "Wuerttemberg-chB"]
[Site "Balingen"]
[Date "2006.08.31"]
[Round "6"]
[White "Rothfuss, Oliver"]
[Black "Ludwig, Sebastian"]
[Result "1-0"]
[WhiteElo "2140"]
[BlackElo "2066"]
[PlyCount "76"]
[EventDate "2006.08.26"]
[EventType "swiss"]
[EventRounds "9"]
[EventCountry "GER"]
[SourceTitle "EXT 2007"]
[Source "ChessBase"]
[SourceDate "2006.11.23"]
[SourceVersion "1"]
[SourceVersionDate "2006.11.23"]
[SourceQuality "1"]

1. d4 Nf6 2. Nf3 g6 3. g3 d5 4. Bg2 Bg7 5. c4 0-0 6. Nc3 dxc4 7. 0-0 Ne8 8. Qa4 Nc6 9. Qxc4 Nxd4 10. Nxd4 Qxd4 11. Qxd4 Bxd4 12. Nd5 Bf6 13. Bh6 Ng7 14. Nxc7 Rb8 15. Nd5 Bg4 16. Nxf6+ exf6 17. Bf4 Rbc8 18. Rfc1 Ne6 19. Bh6 Ng7 20. Bf4 Ne6 21. Bh6 Ng7 22. Bxg7 Kxg7 23. Bxb7 Rb8 24. Rc7 Bc8 25. Bxc8 Rbxc8 26. Rxc8 Rxc8 27. Kf1 Rc2 28. Rb1 f5 29. Ke1 Kf6 30. Kd1 Rc6 31. Rc1 Rd6+ 32. Ke1 Ra6 33. a3 g5 34. h3 g4 35. h4 Ke5 36. e3 Ke4 37. Ke2 Rb6 38. b4 a5 1-0

[Event "Wuerttemberg-chB"]
[Site "Balingen"]
[Date "2006.08.30"]
[Round "5"]
[White "Ruprich, Udo"]
[Black "Rothfuss, Oliver"]
[Result "0-1"]
[WhiteElo "2029"]
[BlackElo "2140"]
[PlyCount "26"]
[EventDate "2006.08.26"]
[EventType "swiss"]
[EventRounds "9"]
[EventCountry "GER"]
[SourceTitle "EXT 2007"]
[Source "ChessBase"]
[SourceDate "2006.11.23"]
[SourceVersion "1"]
[SourceVersionDate "2006.11.23"]
[SourceQuality "1"]

1. e4 c5 2. Nf3 e6 3. d4 cxd4 4. Nxd4 a6 5. Bd3 Qc7 6. 0-0 Nc6 7. Be3 Nf6 8. c3 e5 9. Nf5 d5 10. exd5 Nxd5 11. Bd2 Be6 12. Qe2 g6 13. Ne3 Nf4 0-1

[Event "Wuerttemberg-chB"]
[Site "Balingen"]
[Date "2006.08.29"]
[Round "4"]
[White "Rothfuss, Oliver"]
[Black "Giacopelli, Vincenzo"]
[Result "1/2-1/2"]
[WhiteElo "2140"]
[BlackElo "2085"]
[PlyCount "56"]
[EventDate "2006.08.26"]
[EventType "swiss"]
[EventRounds "9"]
[EventCountry "GER"]
[SourceTitle "EXT 2007"]
[Source "ChessBase"]
[SourceDate "2006.11.23"]
[SourceVersion "1"]
[SourceVersionDate "2006.11.23"]
[SourceQuality "1"]

1. d4 d6 2. g3 g6 3. Bg2 Bg7 4. c3 Nf6 5. Nf3 Nbd7 6. 0-0 0-0 7. Nbd2 Rb8 8. e4 b5 9. e5 Ne8 10. e6 fxe6 11. Ng5 Nb6 12. Bh3 Bf6 13. Nxe6 Bxe6 14. Bxe6+ Kh8 15. Ne4 Ng7 16. Bh3 e5 17. dxe5 Bxe5 18. Bg5 Qe8 19. Qc2 d5 20. Nd2 Qc6 21. Rae1 Rbe8 22. Nb3 Bf6 23. Be3 a6 24. Rd1 Nc4 25. Bc1 Qd6 26. Nd2 Nxd2 27. Bxd2 Ne6 28. Bg2 c6 1/2-1/2

[Event "Baden Wuerttemberg-chB"]
[Site "Illertissen"]
[Date "2005.09.04"]
[Round "9"]
[White "Rothfuss, Oliver"]
[Black "Reimche, Vadim"]
[Result "0-1"]
[WhiteElo "2137"]
[BlackElo "2179"]
[PlyCount "46"]
[EventDate "2005.08.27"]
[EventType "swiss"]
[EventRounds "9"]
[EventCountry "GER"]
[SourceTitle "CBM 108 Extra"]
[Source "ChessBase"]
[SourceDate "2005.11.04"]
[SourceVersion "1"]
[SourceVersionDate "2005.11.04"]
[SourceQuality "1"]

1. d4 Nf6 2. Bg5 c5 3. d5 b5 4. c4 Ne4 5. Bf4 bxc4 6. f3 g5 7. Be5 Nf6 8. e4 Bg7 9. Bxc4 0-0 10. Ne2 d6 11. Bc3 Nbd7 12. 0-0 Nh5 13. f4 gxf4 14. Nxf4 Nxf4 15. Rxf4 Bxc3 16. Nxc3 Ne5 17. b3 Kh8 18. Qh5 f6 19. Qe2 Rg8 20. Rc1 Qf8 21. Qf2 Qh6 22. Qh4 Qxh4 23. Rxh4 Nf3+ 0-1

[Event "Baden Wuerttemberg-chB"]
[Site "Illertissen"]
[Date "2005.08.27"]
[Round "1"]
[White "Ruehl, Volker"]
[Black "Rothfuss, Oliver"]
[Result "0-1"]
[WhiteElo "1956"]
[BlackElo "2137"]
[PlyCount "78"]
[EventDate "2005.08.27"]
[EventType "swiss"]
[EventRounds "9"]
[EventCountry "GER"]
[SourceTitle "CBM 108 Extra"]
[Source "ChessBase"]
[SourceDate "2005.11.04"]
[SourceVersion "1"]
[SourceVersionDate "2005.11.04"]
[SourceQuality "1"]

1. b4 d5 2. Bb2 Nf6 3. Nf3 Bf5 4. e3 Nbd7 5. a4 c6 6. Be2 Qc7 7. Nd4 Bg6 8. b5 e5 9. bxc6 bxc6 10. Nb3 c5 11. c4 d4 12. d3 Rb8 13. N1d2 dxe3 14. fxe3 Be7 15. 0-0 0-0 16. Bc3 Ne8 17. Nf3 e4 18. dxe4 Bxe4 19. Nbd2 Bg6 20. Ra2 Nd6 21. Qa1 Bf6 22. Bxf6 Nxf6 23. Nh4 Rfe8 24. Nxg6 hxg6 25. Qc3 Nf5 26. e4 Nd4 27. Bf3 g5 28. Re1 Re7 29. Rb2 Rbe8 30. h3 Qe5 31. Qa3 Nd7 32. Reb1 Qf4 33. Nf1 Ne5 34. Rb7 Nexf3+ 35. gxf3 Nxf3+ 36. Kh1 Rxe4 37. Qxc5 Re2 38. R7b2 Nd2 39. Rxd2 Qf3+ 0-1

[Event "AUT-chT2W 0102"]
[Site "Austria"]
[Date "2002.03.08"]
[Round "9.3"]
[White "Kleissl, Helmut"]
[Black "Rothfuss, Oliver"]
[Result "1-0"]
[WhiteElo "2285"]
[BlackElo "2160"]
[PlyCount "41"]
[EventDate "2001.10.12"]
[EventType "team"]
[EventRounds "11"]
[EventCountry "AUT"]
[SourceTitle "EXT 2002"]
[Source "ChessBase"]
[SourceDate "2001.11.25"]
[SourceVersion "1"]
[SourceVersionDate "2001.11.25"]
[SourceQuality "1"]

1. Nf3 c5 2. c4 Nc6 3. Nc3 g6 4. e3 Bg7 5. d4 d6 6. d5 Bxc3+ 7. bxc3 Na5 8. h3 b6 9. e4 Kf8 10. Bd3 Kg7 11. 0-0 f5 12. Nd2 Nh6 13. f4 Nf7 14. Nf3 Qc7 15. e5 dxe5 16. fxe5 Nxe5 17. Bf4 Nxf3+ 18. Qxf3 Qd7 19. Rae1 Ba6 20. d6 exd6 21. Bg5 1-0

[Event "AUT-chT2W 0102"]
[Site "Austria"]
[Date "2002.01.12"]
[Round "7.4"]
[White "Spiegel, Wilfried"]
[Black "Rothfuss, Oliver"]
[Result "0-1"]
[WhiteElo "2108"]
[BlackElo "2160"]
[PlyCount "68"]
[EventDate "2001.10.12"]
[EventType "team"]
[EventRounds "11"]
[EventCountry "AUT"]
[SourceTitle "EXT 2002"]
[Source "ChessBase"]
[SourceDate "2001.11.25"]
[SourceVersion "1"]
[SourceVersionDate "2001.11.25"]
[SourceQuality "1"]

1. d4 Nf6 2. Nf3 e6 3. c4 Bb4+ 4. Bd2 Qe7 5. a3 Bxd2+ 6. Nbxd2 d6 7. e3 c5 8. Bd3 e5 9. dxe5 dxe5 10. Qc2 0-0 11. 0-0 Re8 12. Ne4 Nbd7 13. Rad1 Nxe4 14. Bxe4 Nf6 15. Bd5 e4 16. Ne1 Bg4 17. Rd2 Rad8 18. Qc3 Rd7 19. Nc2 Red8 20. Qb3 Qe5 21. f4 exf3 22. gxf3 Bh3 23. f4 Qh5 24. Bf3 Qg6+ 25. Rg2 Bxg2 26. Bxg2 Ne4 27. Qa4 Rd2 28. Ne1 h6 29. Kh1 Nf2+ 30. Kg1 Ng4 31. Qb3 b6 32. e4 Qd6 33. Qg3 Qd4+ 34. Kh1 Nf2+ 0-1

[Event "AUT-chT2W 0001"]
[Site "Austria"]
[Date "2001.01.12"]
[Round "6"]
[White "Laske, Erich"]
[Black "Rothfuss, Oliver"]
[Result "1-0"]
[WhiteElo "2039"]
[BlackElo "2163"]
[PlyCount "74"]
[EventDate "2000.??.??"]
[EventType "team"]
[EventRounds "9"]
[EventCountry "AUT"]
[SourceTitle "EXT 2002"]
[Source "ChessBase"]
[SourceDate "2001.11.25"]
[SourceVersion "1"]
[SourceVersionDate "2001.11.25"]
[SourceQuality "1"]

1. c4 e5 2. Nc3 g6 3. Nf3 Bg7 4. e4 Nc6 5. d3 d6 6. h3 Nd4 7. Be3 Ne7 8. Be2 c5 9. Bg5 f6 10. Bd2 0-0 11. g4 Nec6 12. Nd5 Be6 13. a3 Nxf3+ 14. Bxf3 Kh8 15. Ne3 Qd7 16. h4 Bh6 17. Rg1 Bf4 18. Nc2 Bxd2+ 19. Qxd2 a6 20. a4 b6 21. Bd1 f5 22. h5 f4 23. hxg6 hxg6 24. b4 Kg7 25. Rb1 Rab8 26. b5 axb5 27. Rxb5 Na7 28. Rb1 Qxa4 29. Rh1 Qd7 30. Na3 Bxg4 31. f3 Be6 32. Qg2 Bf7 33. Qg5 Rh8 34. Rxh8 Rxh8 35. Rxb6 Rh1+ 36. Kd2 Rh2+ 37. Kc1 Ra2 1-0

[Event "AUT-chT2W 9900"]
[Site "Austria"]
[Date "2000.03.04"]
[Round "10"]
[White "Laube, Bernhard"]
[Black "Rothfuss, Oliver"]
[Result "0-1"]
[WhiteElo "2285"]
[BlackElo "2191"]
[PlyCount "65"]
[EventDate "1999.10.15"]
[EventType "team"]
[EventRounds "11"]
[EventCountry "AUT"]
[SourceTitle "EXT 2000"]
[Source "ChessBase"]
[SourceDate "1999.11.16"]
[SourceVersion "1"]
[SourceVersionDate "1999.11.16"]
[SourceQuality "1"]

1. d4 Nf6 2. Nf3 e6 3. e3 b6 4. Bd3 Bb7 5. 0-0 d6 6. Nbd2 Nbd7 7. c4 g6 8. b4 c5 9. bxc5 dxc5 10. Qa4 Qc7 11. Ne5 Bg7 12. f4 0-0 13. Qd1 Rfd8 14. Bb2 Ne8 15. Qe2 Nd6 16. Rad1 Rac8 17. Rc1 f5 18. Ndf3 Ne4 19. Bxe4 Bxe4 20. Ng5 Nxe5 21. Nxe4 Nf7 22. Ng5 Nxg5 23. fxg5 Qe7 24. h4 cxd4 25. exd4 Bxd4+ 26. Kh1 e5 27. Rfe1 Qc5 28. g3 Bxb2 29. Qxb2 Rd4 30. Rcd1 Rcd8 31. Rxd4 Rxd4 32. h5 gxh5 33. Qc2 0-1

[Event "AUT-chT2Wa 9900"]
[Site "Austria"]
[Date "1999.10.01"]
[Round "1"]
[White "Lawitsch, Guenther"]
[Black "Rothfuss, Oliver"]
[Result "1/2-1/2"]
[WhiteElo "2267"]
[BlackElo "2191"]
[PlyCount "82"]
[EventDate "1999.10.15"]
[EventType "team"]
[EventRounds "9"]
[EventCountry "AUT"]
[SourceTitle "EXT 2002"]
[Source "ChessBase"]
[SourceDate "2001.11.25"]
[SourceVersion "1"]
[SourceVersionDate "2001.11.25"]
[SourceQuality "1"]

1. Nf3 g6 2. e4 Bg7 3. d4 d6 4. Bc4 Nc6 5. h3 Nf6 6. Qe2 0-0 7. 0-0 e5 8. dxe5 Nxe5 9. Nxe5 dxe5 10. Rd1 Qe7 11. Bg5 h6 12. Bh4 Re8 13. Nd2 g5 14. Bg3 Nh7 15. Nf1 Nf8 16. Ne3 Ne6 17. Nf5 Qf6 18. Bxe6 Qxe6 19. Rd5 Qf6 20. Nxg7 Qxg7 21. Rc5 f6 22. Rd5 Be6 23. Rd2 Rad8 24. Rad1 Qe7 25. Qb5 Rxd2 26. Rxd2 c6 27. Qa5 b6 28. Qa4 Qc7 29. Qa3 c5 30. Qf3 Kg7 31. Qd1 Re7 32. a3 Rd7 33. f3 Kf7 34. h4 Rxd2 35. Qxd2 Qd7 36. Qc1 Qb5 37. Kf2 Qc4 38. hxg5 hxg5 39. Qd2 Qd4+ 40. Qxd4 cxd4 41. Ke2 Bc4+ 1/2-1/2

[Event "AUT-chT3 9899"]
[Site "Austria"]
[Date "1999.02.19"]
[Round "9"]
[White "Gasser, Klaus"]
[Black "Rothfuss, Oliver"]
[Result "1/2-1/2"]
[WhiteElo "2115"]
[BlackElo "2205"]
[PlyCount "30"]
[EventDate "1998.??.??"]
[EventType "team"]
[EventRounds "9"]
[EventCountry "AUT"]
[SourceTitle "EXT 2002"]
[Source "ChessBase"]
[SourceDate "2001.11.25"]
[SourceVersion "1"]
[SourceVersionDate "2001.11.25"]
[SourceQuality "1"]

1. Nf3 Nf6 2. g3 g6 3. Bg2 Bg7 4. c4 0-0 5. 0-0 d6 6. d4 Nbd7 7. Nc3 e5 8. Qc2 c6 9. Rd1 Qe7 10. e4 Re8 11. b3 exd4 12. Nxd4 Nc5 13. f3 Nfd7 14. Rb1 a5 15. Nce2 Ne5 1/2-1/2

[Event "AUT-chT3 9899"]
[Site "Austria"]
[Date "1999.01.08"]
[Round "7"]
[White "Schmid, Sandro"]
[Black "Rothfuss, Oliver"]
[Result "1/2-1/2"]
[WhiteElo "2280"]
[BlackElo "2205"]
[PlyCount "37"]
[EventDate "1998.??.??"]
[EventType "team"]
[EventRounds "9"]
[EventCountry "AUT"]
[SourceTitle "EXT 2002"]
[Source "ChessBase"]
[SourceDate "2001.11.25"]
[SourceVersion "1"]
[SourceVersionDate "2001.11.25"]
[SourceQuality "1"]

1. e4 e5 2. Nf3 Nf6 3. Nxe5 d6 4. Nf3 Nxe4 5. d3 Nf6 6. d4 Be7 7. Bd3 Bg4 8. 0-0 0-0 9. Bg5 Nc6 10. c3 Re8 11. Nbd2 Qd7 12. Qc2 h6 13. Bh4 Nh5 14. d5 Bxf3 15. Nxf3 Ne5 16. Nxe5 dxe5 17. Bxe7 Rxe7 18. c4 Nf4 19. Bf5 1/2-1/2

[Event "AUT-chT3 9899"]
[Site "Austria"]
[Date "1998.10.09"]
[Round "2"]
[White "Rothfuss, Oliver"]
[Black "Tschohl, Christof"]
[Result "1/2-1/2"]
[WhiteElo "2205"]
[BlackElo "2125"]
[PlyCount "43"]
[EventDate "1998.??.??"]
[EventType "team"]
[EventRounds "9"]
[EventCountry "AUT"]
[SourceTitle "EXT 2002"]
[Source "ChessBase"]
[SourceDate "2001.11.25"]
[SourceVersion "1"]
[SourceVersionDate "2001.11.25"]
[SourceQuality "1"]

1. d4 d5 2. Nf3 Nf6 3. e3 Bf5 4. c4 e6 5. Qb3 Qc8 6. Nc3 c6 7. Be2 Bd6 8. 0-0 Nbd7 9. Bd2 0-0 10. Rac1 Qb8 11. h3 Ne4 12. Nxe4 Bxe4 13. Bb4 dxc4 14. Qxc4 Bd5 15. Qc3 Nf6 16. Bxd6 Qxd6 17. Nd2 Ne4 18. Nxe4 Bxe4 19. Qc5 Rad8 20. Qxd6 Rxd6 21. f3 Bg6 22. Rfd1 1/2-1/2

[Event "AUT-chT3 9798"]
[Site "Vorarlberg "]
[Date "1997.10.17"]
[Round "2"]
[White "Walter, Gerhard"]
[Black "Rothfuss, Oliver"]
[Result "1/2-1/2"]
[WhiteElo "2185"]
[BlackElo "2155"]
[PlyCount "24"]
[EventDate "1997.??.??"]
[EventType "team-tourn"]
[EventRounds "9"]
[EventCountry "AUT"]
[SourceTitle "EXT 1999"]
[Source "ChessBase"]
[SourceDate "1998.11.16"]
[SourceVersion "1"]
[SourceVersionDate "1998.11.16"]
[SourceQuality "1"]

1. e4 d5 2. exd5 Nf6 3. d4 Nxd5 4. Nf3 g6 5. Be2 Bg7 6. 0-0 0-0 7. c4 Nb6 8. Nc3 Bg4 9. Be3 Nc6 10. d5 Na5 11. Bxb6 Bxc3 12. Bxa5 Bxa5 1/2-1/2

[Event "Tuebingen-ch 55th"]
[Site "Tuebingen"]
[Date "1996.??.??"]
[Round "?"]
[White "Rothfuss, Oliver"]
[Black "Braun, Thomas3333"]
[Result "1-0"]
[WhiteElo "2000"]
[BlackElo "1675"]
[PlyCount "131"]
[EventDate "1996.??.??"]
[EventType "swiss"]
[EventRounds "9"]
[EventCountry "GER"]
[SourceTitle "EXT 1999"]
[Source "ChessBase"]
[SourceDate "1998.11.16"]
[SourceVersion "1"]
[SourceVersionDate "1998.11.16"]
[SourceQuality "1"]

1. d4 d5 2. c4 e6 3. Nc3 Nf6 4. Bf4 c6 5. e3 Nbd7 6. Qc2 Nh5 7. Bg3 Nxg3 8. hxg3 g6 9. Bd3 Nb6 10. c5 Nd7 11. f4 f5 12. g4 Bg7 13. gxf5 exf5 14. Nf3 Bf6 15. 0-0-0 Qe7 16. Kb1 Nf8 17. Ne5 Bxe5 18. fxe5 Qg5 19. Qf2 Bd7 20. Ne2 Ne6 21. Nf4 0-0-0 22. Rh3 Rdf8 23. Rdh1 Nxf4 24. exf4 Qe7 25. Rh6 Be6 26. Qh4 Qxh4 27. R1xh4 Kd7 28. Rxh7+ Rxh7 29. Rxh7+ Rf7 30. Rh3 Rg7 31. Rg3 Ke7 32. Kc2 Kf7 33. Kd2 Rh7 34. Bf1 Kg7 35. Ke2 Rh4 36. Rf3 g5 37. Ke3 g4 38. Rf2 Rh1 39. Ke2 Kf7 40. b4 a6 41. a4 Ke7 42. Ke1 Kd7 43. Rb2 Rh4 44. g3 Rh7 45. b5 axb5 46. axb5 Kc7 47. Kf2 Rh2+ 48. Bg2 Rh8 49. Ra2 Kb8 50. Kg1 Rh7 51. Bf1 Rc7 52. Rh2 Rc8 53. Rh6 Re8 54. Rf6 Kc7 55. Bd3 Kd7 56. bxc6+ bxc6 57. Bxf5 Bxf5 58. Rxf5 Ra8 59. Rf7+ Ke8 60. Rc7 Ra1+ 61. Kf2 Ra2+ 62. Ke1 Ra1+ 63. Kd2 Ra4 64. Rxc6 Rxd4+ 65. Kc3 Ra4 66. Rg6 1-0

[Event "Tuebingen-ch 55th"]
[Site "Tuebingen"]
[Date "1996.??.??"]
[Round "?"]
[White "Rothfuss, Oliver"]
[Black "Schwierskott, Marc"]
[Result "0-1"]
[WhiteElo "2000"]
[BlackElo "2115"]
[PlyCount "94"]
[EventDate "1996.??.??"]
[EventType "swiss"]
[EventRounds "9"]
[EventCountry "GER"]
[SourceTitle "EXT 1999"]
[Source "ChessBase"]
[SourceDate "1998.11.16"]
[SourceVersion "1"]
[SourceVersionDate "1998.11.16"]
[SourceQuality "1"]

1. d4 d6 2. c4 g6 3. g3 Bg7 4. Bg2 e5 5. dxe5 dxe5 6. Qxd8+ Kxd8 7. Nc3 c6 8. b3 Kc7 9. Bb2 Nh6 10. Rd1 Na6 11. Ba3 Bf8 12. Bb2 f6 13. Nf3 Nf7 14. 0-0 Be7 15. Rd2 Be6 16. Rfd1 Rhd8 17. Rxd8 Rxd8 18. Rxd8 Kxd8 19. Nd2 Nb4 20. Be4 a5 21. Bb1 Kc7 22. e3 Bh3 23. f3 f5 24. Kf2 g5 25. Ne2 f4 26. gxf4 gxf4 27. exf4 Bh4+ 28. Ke3 exf4+ 29. Nxf4 Bg5 30. a3 Na6 31. Ne4 Bh6 32. Bd4 Kc8 33. Nf2 Bd7 34. Bb6 c5 35. N2d3 Bf5 36. Bxa5 Nh8 37. Bd2 Ng6 38. Ke2 Nxf4+ 39. Bxf4 Bxf4 40. Nxf4 Bxb1 41. Nd5 Ba2 42. Kd3 Bxb3 43. Nf6 Ba2 44. f4 Kd8 45. Nd5 Nc7 46. Kc3 Nxd5+ 47. cxd5 Bxd5 0-1

[Event "Balatonbereny op"]
[Site "Balatonbereny"]
[Date "1995.??.??"]
[Round "5"]
[White "Rothfuss, Oliver"]
[Black "Nagy, Janos"]
[Result "1/2-1/2"]
[WhiteElo "2170"]
[BlackElo "2310"]
[PlyCount "123"]
[EventDate "1995.??.??"]
[EventType "swiss"]
[EventRounds "9"]
[EventCountry "HUN"]
[SourceTitle "CBM 049 Extra"]
[Source "ChessBase"]
[SourceDate "1996.01.01"]
[SourceVersion "1"]
[SourceVersionDate "1996.01.01"]
[SourceQuality "1"]

1. d4 Nf6 2. Nf3 g6 3. c4 Bg7 4. Nc3 d6 5. g3 0-0 6. Bg2 c5 7. 0-0 Nc6 8. d5 Na5 9. Nd2 e5 10. e4 Ne8 11. b3 f5 12. f3 Nf6 13. Bb2 a6 14. Rb1 b5 15. Ne2 fxe4 16. fxe4 Ng4 17. Rxf8+ Qxf8 18. Qe1 Bh6 19. Nf1 b4 20. h3 Ne3 21. Nxe3 Bxe3+ 22. Kh2 Nb7 23. Nc1 Qh6 24. Nd3 a5 25. Qe2 a4 26. Rf1 a3 27. Bc1 Bxc1 28. Nxc1 Bd7 29. Nd3 Rf8 30. Rxf8+ Qxf8 31. Qe3 Kg7 32. Qf3 Qxf3 33. Bxf3 g5 34. Bd1 Be8 35. Nf2 Na5 36. Nd3 Bg6 37. Nf2 Be8 38. Nd3 h5 39. Kg2 Bg6 40. Nf2 Be8 41. Nd3 Kf6 42. Kf1 h4 43. g4 Bd7 44. Ke1 Nb7 45. Kd2 Nd8 46. Nf2 Nf7 47. Ke3 Nh8 48. Bf3 Ng6 49. Kd2 Ne7 50. Ke3 Nc8 51. Kd2 Nb6 52. Bd1 Bc8 53. Kd3 Bd7 54. Bc2 Nc8 55. Bd1 Ne7 56. Bf3 Ng6 57. Kd2 Nh8 58. Kc2 Nf7 59. Kd2 Nd8 60. Bd1 Nb7 61. Kd3 Na5 62. Kc2 1/2-1/2